000 00322nam a2200145Ia 4500
100 _aPressman Roger.S
250 _a3rd
942 _cBK
654 _aSEPA
245 _aSoftware Engg Practitioners approach
260 _bMcGraw Hill International
_aNew York
_c1992
300 _a793
546 _aENGLISH
999 _c20280
_d20280